La hija de la mañana
I tiakina i:
| Kaituhi matua: | |
|---|---|
| Hōputu: | Pukapuka |
| Reo: | Pāniora |
| I whakaputaina: |
Madrid
SM
1997
|
| Putanga: | 12a. ed |
| Rangatū: | El Barco de Vapor, 30
|
| Ngā marau: | |
| Ngā Tūtohu: |
Tāpirihia he Tūtohu
Kāore He Tūtohu, Me noho koe te mea tuatahi ki te tūtohu i tēnei pūkete!
|
MARC
| LEADER | 00000nam a2200000 a 4500 | ||
|---|---|---|---|
| 001 | UCH9762 | ||
| 003 | CL-VaPUC | ||
| 008 | 100121e19970900SP |||||||||||||||||spa|d | ||
| 020 | |a 8434819791 | ||
| 082 | 0 | 4 | |a 813 |b COR |2 21 |
| 100 | 0 | |a Corcoran, Barbara |e author |9 547024 | |
| 245 | 1 | 3 | |a La hija de la mañana |
| 250 | |a 12a. ed | ||
| 300 | |a 149 p | ||
| 942 | |c BK | ||
| 945 | |d 20100121 00:00:00 |a dcastane | ||
| 260 | |a Madrid |b SM |c 1997 | ||
| 650 | 0 | |a Literatura estadounidense |9 317168 | |
| 650 | 0 | |a Cuentos estadounidenses |9 265133 | |
| 650 | 0 | |a Cuentos infantiles |9 308044 | |
| 583 | |a last modification |c 20100121 00:00:00 |k Rodrigo Vera | ||
| 490 | 0 | |a El Barco de Vapor, 30 | |
| 999 | |c 339652 |d 339650 | ||